000 01594nam a2200325Ia 4500
999 _c53565
_d53565
001 20611
003 GE_BSU
005 20210225224648.0
008 181216s2012||||ge |||||||||||||| ||geo||
010 _aISBN 978-9941-11-299-7
040 _cGE_BSU
041 _ageo
080 _a27-175.2 ე-49
100 _aეკო, უმბერტო
_910255
245 _aრა სწამს მას, ვისაც არ სწამს:
_b [დიალოგი] /
_cუმბერტო ეკო, კარლო მარია მარტინი ; მთარგმნ. ხათუნა ცხადაძე ; რედ. ლალი ქადაგიძე.
264 _aთბილისი :
_bდიოგენე,
_c2012.
300 _a144 გვ. ;
_c19 სმ.
_e
653 _aაპოკალიფსი
653 _aადამიანის სიცოცხლე
653 _a საიდუმლოებები
653 _a ქრისტიანული ეთიკა
653 _a ურწმუნოება
653 _aქრისტიანული ჰუმანიზმი
653 _aრა სწამს მას, ვისაც არ სწამს
653 _aრელიგია
700 _a მარტინი, კარლო მარია
_eავტორი
_910256
700 _aცხადაძე, ხათუნა
_eმთარგმნელი
_910257
700 _aქადაგიძე, ლალი
_eრედაქტორი
_910069
942 _cBK
_2udc